000
00268nam a2200109Ia 4500
008
240625s9999 xx 000 0 und d
041
_a
eng
082
_a
658.3124 BLA
100
_a
BLANCHARD P NICK
245
_a
EFFECTIVE TRAINING SYSTEMS STRATEGIES AN
260
_c
2014
999
_c
39205
_d
39205